[Event "Tarragona-ch Seniors"]
[Site "Cambrils"]
[Date "2020.02.13"]
[Round "4.14"]
[White "Plaza Pulgar, Mariano"]
[Black "Mane Casas, Josep"]
[Result "0-1"]
[WhiteElo "1700"]
[BlackElo "1674"]
[PlyCount "102"]
[EventDate "2020.01.23"]
[EventType "swiss"]
[EventRounds "8"]
[EventCountry "ESP"]
[SourceTitle "EXT 2024"]
[Source "ChessBase"]
[SourceDate "2023.10.10"]
[SourceVersion "1"]
[SourceVersionDate "2023.10.10"]
[SourceQuality "1"]

1. d4 d5 2. Nf3 Nd7 3. a3 g6 4. e3 Bg7 5. b4 Nb6 6. Nbd2 Bd7 7. Nb3 Nf6 8. Bb2 Na4 9. Ra2 Nxb2 10. Rxb2 b6 11. Rb1 Ne4 12. Qd3 a6 13. Nbd2 Bb5 14. c4 Nxd2 15. Nxd2 dxc4 16. Nxc4 0-0 17. Qc2 Rc8 18. g3 Bc6 19. Rg1 f6 20. Bg2 Bxg2 21. Rxg2 Qd5 22. Rg1 Rfd8 23. Qb3 Kf8 24. h4 e5 25. dxe5 fxe5 26. Ke2 Qf7 27. Rgd1 e4 28. Nd2 Qf5 29. Qc2 Qg4+ 30. Kf1 Re8 31. Qc4 Re7 32. Qxa6 Rce8 33. Qb5 Rf7 34. Kg2 Bf6 35. Rh1 Re5 36. Qc6 Re6 37. Qc4 Be7 38. Rbf1 Bd6 39. Qd5 Re5 40. Qd4 Qe6 41. Nc4 Rd5 42. Qh8+ Ke7 43. Nxd6 Qxd6 44. Qc3 Rd3 45. Qa1 Rd2 46. Qe1 Qd3 47. Kg1 Rf6 48. Rh2 Rd6 49. Qc1 Kd7 50. Qa1 Qc2 51. Qg7+ Kc6 0-1

[Event "Tarragona-ch Seniors"]
[Site "Cambrils"]
[Date "2020.01.30"]
[Round "2.15"]
[White "Bartolome Pinol, Jordi"]
[Black "Mane Casas, Josep"]
[Result "0-1"]
[WhiteElo "1531"]
[BlackElo "1674"]
[PlyCount "98"]
[EventDate "2020.01.23"]
[EventType "swiss"]
[EventRounds "8"]
[EventCountry "ESP"]
[SourceTitle "EXT 2024"]
[Source "ChessBase"]
[SourceDate "2023.10.10"]
[SourceVersion "1"]
[SourceVersionDate "2023.10.10"]
[SourceQuality "1"]

1. d4 d5 2. c4 c6 3. e3 e6 4. c5 Nd7 5. b4 a6 6. Nf3 Ngf6 7. Nc3 g6 8. Be2 Bg7 9. 0-0 0-0 10. h3 Re8 11. Bb2 Re7 12. Qc2 Ne8 13. a4 e5 14. b5 e4 15. Nd2 a5 16. b6 Nb8 17. Rfe1 f5 18. f3 Rf7 19. fxe4 fxe4 20. Qd1 Qg5 21. Bg4 Nd7 22. Qe2 Re7 23. Rf1 Nef6 24. Rf4 h5 25. Bxd7 Bxd7 26. h4 Qh6 27. Raf1 Rf8 28. Nb3 g5 29. hxg5 Qxg5 30. Qf2 Bg4 31. Kh2 Ref7 32. Ne2 Be6 33. Qh4 Ng4+ 34. Kg3 Qxh4+ 35. Kxh4 Nxe3 36. Rxf7 Rxf7 37. Rxf7 Kxf7 38. Kxh5 Bg4+ 39. Kg5 Bxe2 40. Nxa5 Ba6 41. g4 Nc4 42. Nxc4 Bxc4 43. Kf4 Kf6 44. Bc3 Bh6+ 45. Kg3 e3 46. Kf3 e2 47. Be1 Bc1 48. a5 Bb2 49. Ke3 Kg5 0-1

[Event "Tarragona Province-chA"]
[Site "L'Hospitalet Infant"]
[Date "2016.10.02"]
[Round "1"]
[White "Mane Casas, Josep"]
[Black "Romero Mendez, Antonio"]
[Result "0-1"]
[WhiteElo "1757"]
[BlackElo "2014"]
[PlyCount "64"]
[EventDate "2016.10.02"]
[EventType "swiss"]
[EventRounds "9"]
[EventCountry "ESP"]
[SourceTitle "EXT 2018"]
[Source "ChessBase"]
[SourceDate "2017.10.13"]
[SourceVersion "1"]
[SourceVersionDate "2017.10.13"]
[SourceQuality "1"]

1. d4 d5 2. Nf3 Bf5 3. Bf4 c6 4. c3 Nd7 5. Nbd2 Ngf6 6. h3 e6 7. e3 Be7 8. Be2 0-0 9. 0-0 Rc8 10. Qb3 Qb6 11. c4 c5 12. Bh2 Rc6 13. Ne5 Nxe5 14. Bxe5 dxc4 15. Bxc4 a6 16. Qxb6 Rxb6 17. b3 Rc8 18. Rac1 Rbc6 19. Be2 cxd4 20. Rxc6 Rxc6 21. Nc4 b5 22. Bxd4 bxc4 23. Bxc4 Be4 24. f3 Bd5 25. Bd3 Bc5 26. Bxc5 Rxc5 27. Bxa6 Ra5 28. Rc1 g6 29. Bc4 Rxa2 30. Bxd5 Nxd5 31. e4 Nf4 32. b4 Ne2+ 0-1

[Event "Tarragona Province-ch"]
[Site "Tarragona"]
[Date "2015.11.15"]
[Round "7"]
[White "Mane Casas, Josep"]
[Black "Fernandez Fuentes, Francisco Javier"]
[Result "0-1"]
[WhiteElo "1921"]
[BlackElo "2260"]
[PlyCount "86"]
[EventDate "2015.09.27"]
[EventType "swiss"]
[EventRounds "9"]
[EventCountry "ESP"]
[SourceTitle "EXT 2017"]
[Source "ChessBase"]
[SourceDate "2016.10.25"]
[SourceVersion "1"]
[SourceVersionDate "2016.10.25"]
[SourceQuality "1"]

1. d4 g6 2. Nf3 Bg7 3. g3 f5 4. Bg2 Nf6 5. c3 0-0 6. Nbd2 Kh8 7. Qb3 e6 8. Ne5 c6 9. Nef3 Qe7 10. Qc2 d6 11. e3 e5 12. dxe5 dxe5 13. 0-0 e4 14. Nd4 Nbd7 15. b4 Ne5 16. a4 Be6 17. Nxe6 Qxe6 18. Qb3 Qxb3 19. Nxb3 Nd5 20. Bd2 Nc4 21. Ra2 Nxd2 22. Nxd2 Bxc3 23. Nxe4 fxe4 24. Bxe4 Bxb4 25. Rb2 a5 26. Bxd5 cxd5 27. Rd1 Rfd8 28. Rc2 Rd7 29. Kf1 Ra6 30. Ke2 Rc6 31. Rdc1 Rdc7 32. Kd3 Rxc2 33. Rxc2 Rxc2 34. Kxc2 Kg7 35. Kd3 Kf6 36. Kd4 Ke6 37. f3 Kd6 38. h3 Bc5+ 39. Kd3 Kc6 40. e4 dxe4+ 41. fxe4 b5 42. axb5+ Kxb5 43. g4 Kb4 0-1

[Event "Tarragona-ch"]
[Site "Tarragona"]
[Date "2003.??.??"]
[Round "8"]
[White "Mane Casas, Josep"]
[Black "Guasch Murtra, Josep Maria"]
[Result "0-1"]
[WhiteElo "1990"]
[BlackElo "2175"]
[PlyCount "48"]
[EventDate "2003.??.??"]
[EventType "swiss"]
[EventRounds "9"]
[EventCountry "ESP"]
[SourceTitle "EXT 2007"]
[Source "ChessBase"]
[SourceDate "2006.11.23"]
[SourceVersion "1"]
[SourceVersionDate "2006.11.23"]
[SourceQuality "1"]

1. d4 Nf6 2. c4 c5 3. d5 b5 4. e3 Bb7 5. Nc3 b4 6. Na4 d6 7. Bd3 g6 8. b3 Bg7 9. Bb2 e5 10. e4 Nbd7 11. Bc1 Nh5 12. Ne2 0-0 13. g4 Nf4 14. Nxf4 exf4 15. Rb1 Be5 16. h4 f6 17. Qf3 g5 18. Qh3 Qe7 19. f3 Rf7 20. Bd2 Bd4 21. Ke2 Qe5 22. Rh2 Nf8 23. Rbh1 Bc8 24. hxg5 fxg5 0-1

[Event "Tarragona-ch"]
[Site "Tarragona"]
[Date "2003.??.??"]
[Round "6"]
[White "Ramos Alvarez, Maximo"]
[Black "Mane Casas, Josep"]
[Result "1/2-1/2"]
[WhiteElo "1950"]
[BlackElo "1990"]
[PlyCount "81"]
[EventDate "2003.??.??"]
[EventType "swiss"]
[EventRounds "9"]
[EventCountry "ESP"]
[SourceTitle "EXT 2007"]
[Source "ChessBase"]
[SourceDate "2006.11.23"]
[SourceVersion "1"]
[SourceVersionDate "2006.11.23"]
[SourceQuality "1"]

1. d4 Nf6 2. Nf3 g6 3. c4 Bg7 4. Nc3 d6 5. Bg5 b6 6. e3 Bb7 7. Be2 Nbd7 8. 0-0 0-0 9. Qc2 c5 10. Rad1 Qc8 11. d5 Re8 12. h3 Kh8 13. Nh4 Qb8 14. f4 Ng8 15. Nf3 Bh6 16. h4 Ndf6 17. Nh2 Bc8 18. Bxf6+ exf6 19. e4 Qc7 20. Bd3 Qe7 21. Rde1 Bd7 22. h5 a6 23. hxg6 fxg6 24. f5 g5 25. Qe2 Bg7 26. Qh5 h6 27. Qh3 Rab8 28. Be2 b5 29. b3 bxc4 30. Bxc4 Bb5 31. Qd3 Qd7 32. Rb1 Bxc4 33. bxc4 Rb7 34. Rxb7 Qxb7 35. Rb1 Qc7 36. Qc2 Rb8 37. Nf3 Kh7 38. Kf2 h5 39. g3 Rxb1 40. Qxb1 Nh6 41. Nh2 1/2-1/2